01546cam a2200325 i 450000100090000000300090000900500170001800800410003502000180007604000430009408200220013710000410015924502090020026400660040926400100047530000540048533600260053933700280056533800270059350400520062050502710067265000350094365000250097865300210100365500170102470000300104194200120107199900170108395201200110018626457EG-ScBUE20250521082434.0150514t2015 fluadk f b 001 0 eng d a9781466590939 aEG-ScBUEbengerdacEG-ScBUEdEG-ScBUE04a531.1133bNAR2221 aNarayanan, A. Satya,938227eauthor.10aWaves and oscillations in nature :ban introduction /cA. Satya Narayanan, Indian Institute of Astrophysics, Bangalore, India, Swapan K. Saha, formerly, Indian Institute of Astrophysics, Bangalore, India. 1aBoca Raton : bCRC Press / Taylor and Francis Group, c[2015] 4cc2015 axxix, 521 pages :bcharts, forms, tables ;c24 cm 2rdacontentatextbtxt 2rdamediaaunmediatedbn 2rdacarrieravolumebnc aIncludes bibliographical references and index. 0 aIntroduction to waves and oscillations -- Electromagnetic waves -- Waves in a uniform media -- Hydrodynamic waves -- MHD waves in a uniform media -- MHD waves in a non-uniform media -- Shock waves -- Waves in optics -- Plasma waves -- Fluid and plasma instabilities. 7aWave-motion, Theory of.2BUEsh 7aOscillations.2BUEsh bENGGENcJuly2015 vReading book1 aSaha, Swapan K.,eauthor. 2ddccBB c20263d20235 00102ddc40708BaccahaMAINbMAINc1STd2015-07-07ePurchasel0o531.1133 NARp000039360r2025-07-15 00:00:00yBB